000 00990nam a22003257a 4500
003 CHAP
005 20220329133355.0
008 971013s1992 r 00010 d
010 _a5620
011 _a6592
035 _a5813
040 _cCHAP
082 _a591.53
_bE53
100 0 0 _aElgar, Mark A.
_936269
245 _aCannibalism
_b: ecology and evolution among diverse taxa
260 _aOxford :
_bOxford University Press,
_c1992
300 _a361 p.
500 _a59-9
590 _aBATCH-UPD
_b10
_c20130110
_lUCH01
_h1831
590 _aBATCH-UPD
_b10
_c20130410
_lUCH01
_h1203
590 _aBATCH-UPD
_b10
_c20130914
_lUCH01
_h0925
590 _aCONVERSION
_b10
_c20130109
_lUCH01
_h1304
650 1 4 _aCanibalismo en animales.
_918361
650 1 4 _aEcología animal.
_935170
650 1 4 _aEvolución.
_939007
700 0 _aCrespi, Bernard J.
_928896
901 _aBK
942 _cLIBRO
949 _a591.53 E53
_bBC
_cLIBRO
_d33724000367280
_eLIBRO
_gI.164864
_h82403
_i5813
_si
_t284.00
999 _c5620
_d5620